[Event "World Chess Olympiad 2018"]
[Site "Batumi"]
[Date "2018.10.03"]
[Round "9"]
[Board "1"]
[WhiteFideId "1170546"]
[White "Duda Jan-Krzysztof"]
[BlackFideId "2020009"]
[Black "Caruana Fabiano"]
[Result "1/2-1/2"]
[LiveChessVersion "1.4.8"]
[BlackElo "2827"]
[WhiteElo "2739"]

1. c4 {[%clk 1:30:57]} e5 {[%clk 1:30:55]} 2. Nc3 {[%clk 1:31:22]} Nf6
{[%clk 1:31:20]} 3. Nf3 {[%clk 1:31:41]} Nc6 {[%clk 1:31:44]} 4. e3
{[%clk 1:32:06]} Bb4 {[%clk 1:31:49]} 5. Qc2 {[%clk 1:32:29]} Bxc3
{[%clk 1:31:43]} 6. Qxc3 {[%clk 1:32:52]} Qe7 {[%clk 1:32:07]} 7. d4
{[%clk 1:32:58]} Ne4 {[%clk 1:25:51]} 8. Qd3 {[%clk 1:32:44]} exd4
{[%clk 1:26:05]} 9. Nxd4 {[%clk 1:33:07]} O-O {[%clk 1:23:33]} 10. Be2
{[%clk 1:32:18]} Qb4+ {[%clk 1:23:41]} 11. Kf1 {[%clk 1:32:26]} Qe7
{[%clk 1:24:00]} 12. f3 {[%clk 1:28:51]} Nc5 {[%clk 1:23:53]} 13. Qc3
{[%clk 1:24:28]} d6 {[%clk 1:20:19]} 14. Nxc6 {[%clk 1:23:22]} bxc6
{[%clk 1:20:44]} 15. b3 {[%clk 1:23:06]} a5 {[%clk 1:06:30]} 16. Bb2
{[%clk 1:20:56]} f5 {[%clk 1:06:11]} 17. Rd1 {[%clk 1:19:18]} Be6
{[%clk 1:01:34]} 18. Kf2 {[%clk 1:15:24]} a4 {[%clk 0:46:25]} 19. b4
{[%clk 1:13:57]} Nd7 {[%clk 0:46:51]} 20. Rd2 {[%clk 1:07:44]} f4
{[%clk 0:40:10]} 21. Rc1 {[%clk 0:55:06]} Rae8 {[%clk 0:34:28]} 22. Rd4
{[%clk 0:43:17]} fxe3+ {[%clk 0:33:53]} 23. Qxe3 {[%clk 0:40:31]} c5
{[%clk 0:33:38]} 24. bxc5 {[%clk 0:40:22]} Nxc5 {[%clk 0:34:01]} 25. Kg1
{[%clk 0:39:44]} Qf7 {[%clk 0:32:17]} 26. Qf2 {[%clk 0:35:43]} Bf5
{[%clk 0:26:49]} 27. Bf1 {[%clk 0:35:21]} Re7 {[%clk 0:23:44]} 28. Ba3
{[%clk 0:33:25]} Re5 {[%clk 0:21:40]} 29. Qd2 {[%clk 0:21:18]} Rfe8
{[%clk 0:16:44]} 30. Rd5 {[%clk 0:19:49]} h6 {[%clk 0:16:40]} 31. Bxc5
{[%clk 0:15:49]} dxc5 {[%clk 0:17:06]} 32. Qa5 {[%clk 0:15:21]} Qe7
{[%clk 0:12:59]} 33. Rdd1 {[%clk 0:09:26]} Qg5 {[%clk 0:08:20]} 34. Kh1
{[%clk 0:08:44]} Qe3 {[%clk 0:05:54]} 35. Qxc7 {[%clk 0:05:06]} Qf2
{[%clk 0:05:40]} 36. Qa5 {[%clk 0:02:53]} Qxa2 {[%clk 0:02:28]} 37. Ra1
{[%clk 0:02:47]} Qb3 {[%clk 0:01:26]} 38. h3 {[%clk 0:00:47]} Kh7
{[%clk 0:01:18]} 39. Rd5 {[%clk 0:00:47]} Bc2 {[%clk 0:00:39]} 40. Qd2
{[%clk 0:30:36]} Bg6 {[%clk 0:30:38]} 41. Qa5 {[%clk 0:10:39]} Qb4
{[%clk 0:22:46]} 42. Rxa4 {[%clk 0:10:56]} Qxa5 {[%clk 0:22:58]} 43. Rxa5
{[%clk 0:11:23]} Rxd5 {[%clk 0:23:21]} 44. cxd5 {[%clk 0:11:49]} Re1
{[%clk 0:23:47]} 45. Kg1 {[%clk 0:12:14]} Bd3 {[%clk 0:24:04]} 46. Rxc5
{[%clk 0:12:39]} Rxf1+ {[%clk 0:24:24]} 47. Kh2 {[%clk 0:13:05]} Rd1
{[%clk 0:24:39]} 48. Kg3 {[%clk 0:11:34]} Bf1 {[%clk 0:07:26]} 49. Kf2
{[%clk 0:10:35]} Kg6 {[%clk 0:04:34]} 50. h4 {[%clk 0:08:01]} Bd3
{[%clk 0:03:41]} 51. h5+ {[%clk 0:04:09]} Kf5 {[%clk 0:03:11]} 52. Rc7
{[%clk 0:03:36]} Kf6 {[%clk 0:03:10]} 53. Rc6+ {[%clk 0:03:58]} Kg5
{[%clk 0:03:13]} 54. Rc7 {[%clk 0:04:21]} g6 {[%clk 0:02:58]} 55. hxg6
{[%clk 0:02:46]} Bxg6 {[%clk 0:03:24]} 56. Rd7 {[%clk 0:01:33]} Rd2+
{[%clk 0:03:44]} 57. Kg3 {[%clk 0:01:41]} Bd3 {[%clk 0:03:28]} 58. Re7
{[%clk 0:01:04]} Bf5 {[%clk 0:03:01]} 59. Kh2 {[%clk 0:00:45]} h5
{[%clk 0:02:02]} 60. d6 {[%clk 0:00:48]} h4 {[%clk 0:02:12]} 61. Rg7+
{[%clk 0:00:40]} Kf4 {[%clk 0:02:03]} 62. Rg8 {[%clk 0:00:56]} Rxd6
{[%clk 0:02:24]} 63. g3+ {[%clk 0:00:38]} Kxf3 {[%clk 0:02:04]} 64. gxh4
{[%clk 0:01:04]} Rd2+ {[%clk 0:02:16]} 65. Kg1 {[%clk 0:01:28]} Bg4
{[%clk 0:02:12]} 66. Rf8+ {[%clk 0:00:55]} Kg3 {[%clk 0:02:37]} 67. h5
{[%clk 0:01:18]} Bxh5 {[%clk 0:02:03]} 68. Rg8+ {[%clk 0:01:44]} Bg4
{[%clk 0:02:30]} 69. Rf8 {[%clk 0:02:10]} Rd6 {[%clk 0:01:04]} 70. Rf2
{[%clk 0:01:40]} Rd1+ {[%clk 0:01:15]} 71. Rf1 {[%clk 0:02:06]} Rd2
{[%clk 0:01:42]} 72. Rf8 {[%clk 0:01:52]} Re2 {[%clk 0:00:58]} 73. Rf7
{[%clk 0:01:58]} Re1+ {[%clk 0:00:44]} 74. Rf1 {[%clk 0:02:23]} Re2
{[%clk 0:01:11]} 75. Rf8 {[%clk 0:02:47]} Be6 {[%clk 0:01:29]} 76. Rf6
{[%clk 0:01:33]} Bh3 {[%clk 0:00:51]} 77. Rg6+ {[%clk 0:01:54]} Bg4
{[%clk 0:01:19]} 78. Rf6 {[%clk 0:02:14]} Rg2+ {[%clk 0:01:13]} 79. Kf1
{[%clk 0:02:24]} Rh2 {[%clk 0:01:37]} 80. Kg1 {[%clk 0:02:21]} Re2
{[%clk 0:01:18]} 81. Rf8 {[%clk 0:02:45]} Re5 {[%clk 0:01:10]} 82. Rf2
{[%clk 0:02:21]} Bf3 {[%clk 0:01:29]} 83. Rg2+ {[%clk 0:02:43]} Kf4
{[%clk 0:01:54]} 84. Ra2 {[%clk 0:01:29]} Re1+ {[%clk 0:01:57]} 85. Kf2
{[%clk 0:01:53]} Rh1 {[%clk 0:02:24]} 86. Ra7 {[%clk 0:01:45]} Rh2+
{[%clk 0:01:52]} 87. Kg1 {[%clk 0:02:03]} Rg2+ {[%clk 0:02:18]} 88. Kf1
{[%clk 0:02:28]} Be4 {[%clk 0:02:34]} 89. Ra3 {[%clk 0:02:25]} Rb2
{[%clk 0:02:32]} 90. Kg1 {[%clk 0:02:18]} Bf3 {[%clk 0:01:44]} 91. Ra7
{[%clk 0:02:41]} Kg3 {[%clk 0:01:46]} 92. Rg7+ {[%clk 0:03:05]} Bg4
{[%clk 0:02:14]} 93. Rf7 {[%clk 0:03:29]} Rb8 {[%clk 0:01:12]} 94. Rf2
{[%clk 0:03:41]} Bf3 {[%clk 0:01:31]} 95. Rg2+ {[%clk 0:04:07]} Kf4
{[%clk 0:01:58]} 96. Ra2 {[%clk 0:04:19]} Be4 {[%clk 0:02:14]} 97. Ra3
{[%clk 0:04:33]} Rb2 {[%clk 0:02:31]} 98. Rh3 {[%clk 0:03:19]} Rg2+
{[%clk 0:01:55]} 99. Kf1 {[%clk 0:03:43]} Bf3 {[%clk 0:02:18]} 100. Rh8
{[%clk 0:03:33]} Ra2 {[%clk 0:02:03]} 101. Rb8 {[%clk 0:03:01]} Kg3
{[%clk 0:02:16]} 102. Rg8+ {[%clk 0:03:05]} Bg4 {[%clk 0:02:42]} 103. Re8
{[%clk 0:03:08]} Ra1+ {[%clk 0:02:08]} 104. Re1 {[%clk 0:03:32]} Ra5
{[%clk 0:02:31]} 105. Re8 {[%clk 0:03:18]} Rd5 {[%clk 0:02:26]} 106. Re7
{[%clk 0:03:34]} Rd8 {[%clk 0:02:16]} 107. Re3+ {[%clk 0:02:57]} Bf3
{[%clk 0:02:37]} 108. Re7 {[%clk 0:03:24]} Kf4 {[%clk 0:01:08]} 109. Kf2
{[%clk 0:03:39]} Rd2+ {[%clk 0:01:31]} 110. Ke1 {[%clk 0:04:03]} Rh2
{[%clk 0:01:56]} 111. Ra7 {[%clk 0:04:10]} Re2+ {[%clk 0:02:07]} 112. Kf1
{[%clk 0:04:35]} Rd2 {[%clk 0:02:09]} 113. Rc7 {[%clk 0:03:03]} Kg3
{[%clk 0:02:14]} 114. Rg7+ {[%clk 0:03:27]} Bg4 {[%clk 0:02:37]} 115. Re7
{[%clk 0:03:53]} Rf2+ {[%clk 0:02:36]} 116. Kg1 {[%clk 0:03:07]} Rd2
{[%clk 0:02:46]} 117. Kf1 {[%clk 0:03:29]} Re2 {[%clk 0:03:10]} 118. Rxe2
{[%clk 0:03:55]} Bxe2+ 1/2-1/2

[Event "World Chess Olympiad 2018"]
[Site "Batumi"]
[Date "2018.10.03"]
[Round "9"]
[Board "2"]
[WhiteFideId "5202213"]
[White "So Wesley"]
[BlackFideId "1118358"]
[Black "Wojtaszek Radoslaw"]
[Result "1/2-1/2"]
[LiveChessVersion "1.4.8"]
[BlackElo "2727"]
[WhiteElo "2776"]

1. e4 {[%clk 1:30:57]} c5 {[%clk 1:30:57]} 2. Nf3 {[%clk 1:31:21]} d6
{[%clk 1:31:23]} 3. d4 {[%clk 1:31:35]} cxd4 {[%clk 1:31:48]} 4. Nxd4
{[%clk 1:32:03]} Nf6 {[%clk 1:32:12]} 5. Nc3 {[%clk 1:32:31]} a6 {[%clk 1:32:37]}
6. Be3 {[%clk 1:32:59]} e5 {[%clk 1:33:00]} 7. Nb3 {[%clk 1:33:26]} Be6
{[%clk 1:33:23]} 8. f3 {[%clk 1:33:54]} Be7 {[%clk 1:33:43]} 9. Qd2
{[%clk 1:34:21]} O-O {[%clk 1:34:04]} 10. O-O-O {[%clk 1:34:45]} Nbd7
{[%clk 1:34:30]} 11. g4 {[%clk 1:35:11]} b5 {[%clk 1:34:54]} 12. g5
{[%clk 1:35:38]} Nh5 {[%clk 1:35:18]} 13. Nd5 {[%clk 1:35:11]} Bxd5
{[%clk 1:35:42]} 14. exd5 {[%clk 1:35:38]} f6 {[%clk 1:36:05]} 15. gxf6
{[%clk 1:33:43]} Bxf6 {[%clk 1:36:29]} 16. Kb1 {[%clk 1:34:01]} Nf4
{[%clk 1:27:49]} 17. Na5 {[%clk 1:30:31]} Nb6 {[%clk 1:28:00]} 18. Nc6
{[%clk 1:17:26]} Qc7 {[%clk 1:28:21]} 19. Bxf4 {[%clk 1:16:18]} exf4
{[%clk 1:28:42]} 20. c3 {[%clk 1:16:45]} Rae8 {[%clk 1:25:46]} 21. Rg1
{[%clk 1:11:11]} Re3 {[%clk 1:07:26]} 22. Rg4 {[%clk 1:09:59]} Rxf3
{[%clk 1:06:52]} 23. Qg2 {[%clk 1:08:48]} Re3 {[%clk 1:04:38]} 24. Rxf4
{[%clk 1:08:50]} Qf7 {[%clk 1:02:46]} 25. Bd3 {[%clk 0:53:57]} Rfe8
{[%clk 0:51:03]} 26. Nb4 {[%clk 0:30:35]} Qh5 {[%clk 0:43:13]} 27. Qg4
{[%clk 0:29:58]} Qxg4 {[%clk 0:32:27]} 28. Rxg4 {[%clk 0:30:27]} Re1
{[%clk 0:32:46]} 29. Rg1 {[%clk 0:28:33]} Rxg1 {[%clk 0:32:10]} 30. Rxg1
{[%clk 0:29:02]} Re3 {[%clk 0:30:46]} 31. Rg3 {[%clk 0:27:36]} Re1+
{[%clk 0:27:39]} 32. Kc2 {[%clk 0:27:33]} Be5 {[%clk 0:16:21]} 33. Rh3
{[%clk 0:26:41]} a5 {[%clk 0:16:02]} 34. Nc6 {[%clk 0:21:14]} Nxd5
{[%clk 0:15:33]} 35. Bxh7+ {[%clk 0:19:03]} Kf7 {[%clk 0:12:26]} 36. Bd3
{[%clk 0:19:28]} Nf4 {[%clk 0:08:45]} 37. Rf3 {[%clk 0:19:33]} b4
{[%clk 0:07:03]} 38. cxb4 {[%clk 0:15:50]} axb4 {[%clk 0:07:30]} 39. Nxb4
{[%clk 0:15:12]} Ke6 {[%clk 0:07:43]} 40. Bf1 {[%clk 0:42:55]} g5
{[%clk 0:37:51]} 41. h3 {[%clk 0:42:16]} d5 {[%clk 0:28:17]} 42. Nd3
{[%clk 0:26:40]} Nxd3 {[%clk 0:27:26]} 43. Bxd3 {[%clk 0:27:08]} Rg1
{[%clk 0:26:11]} 44. b4 {[%clk 0:21:40]} Rg3 {[%clk 0:24:45]} 45. Rxg3
{[%clk 0:19:01]} Bxg3 {[%clk 0:25:09]} 46. a4 {[%clk 0:19:29]} Be1
{[%clk 0:24:14]} 47. Kb3 {[%clk 0:18:08]} Kd6 {[%clk 0:24:40]} 48. a5
{[%clk 0:18:26]} Bd2 {[%clk 0:23:32]} 49. Be2 {[%clk 0:12:55]} Be1
{[%clk 0:23:44]} 50. Bf3 {[%clk 0:13:15]} Bd2 {[%clk 0:23:17]} 51. Ka4
{[%clk 0:10:53]} Be1 {[%clk 0:22:53]} 52. Bg2 {[%clk 0:08:58]} Bd2
{[%clk 0:20:16]} 53. Bf1 {[%clk 0:07:28]} Be1 {[%clk 0:20:40]} 54. Bd3
{[%clk 0:03:32]} Bd2 {[%clk 0:21:04]} 55. Bg6 {[%clk 0:03:58]} Be1
{[%clk 0:20:38]} 56. Bf7 {[%clk 0:04:24]} Bd2 {[%clk 0:21:02]} 57. Be8
{[%clk 0:01:23]} Be1 {[%clk 0:21:26]} 58. Bb5 {[%clk 0:00:45]} Bd2
{[%clk 0:21:51]} 59. Kb3 {[%clk 0:00:43]} Be1 {[%clk 0:22:14]} 60. Ka3
{[%clk 0:01:06]} Bd2 {[%clk 0:22:39]} 61. Ka4 {[%clk 0:01:28]} Be1
{[%clk 0:23:05]} 62. Be8 {[%clk 0:01:40]} Bd2 {[%clk 0:23:24]} 63. b5
{[%clk 0:01:36]} Kc5 {[%clk 0:23:11]} 64. b6 {[%clk 0:01:48]} Be1
{[%clk 0:23:20]} 65. Bb5 {[%clk 0:00:45]} Bd2 {[%clk 0:23:15]} 66. Ba6
{[%clk 0:00:57]} Be1 {[%clk 0:23:32]} 67. Bb7 {[%clk 0:00:39]} d4
{[%clk 0:21:06]} 68. Ba6 {[%clk 0:00:57]} Bd2 {[%clk 0:21:31]} 69. Bb5
{[%clk 0:01:21]} Be1 {[%clk 0:21:53]} 70. Be8 {[%clk 0:01:38]} Bd2
{[%clk 0:22:19]} 71. Bd7 {[%clk 0:00:45]} Be1 {[%clk 0:22:43]} 72. Bg4
{[%clk 0:01:01]} Bd2 {[%clk 0:23:07]} 73. Bf5 {[%clk 0:01:26]} Be1
{[%clk 0:23:32]} 74. Bc8 {[%clk 0:01:42]} Bd2 {[%clk 0:23:57]} 75. Be6
{[%clk 0:01:43]} Be1 {[%clk 0:24:22]} 76. Bf7 {[%clk 0:02:12]} Bd2
{[%clk 0:24:46]} 77. Bg6 {[%clk 0:02:25]} Be1 {[%clk 0:25:11]} 78. Be8
{[%clk 0:02:54]} Bd2 {[%clk 0:25:34]} 79. b7 {[%clk 0:03:22]} Bf4
{[%clk 0:25:54]} 80. Kb3 {[%clk 0:03:51]} Bb8 {[%clk 0:21:51]} 81. Ka4
{[%clk 0:02:33]} d3 {[%clk 0:21:30]} 82. Bh5 {[%clk 0:02:32]} d2 {[%clk 0:21:44]}
83. Bf3 {[%clk 0:02:56]} Ba7 {[%clk 0:21:38]} 84. Be2 {[%clk 0:01:04]} Kc6
{[%clk 0:21:57]} 85. a6 {[%clk 0:00:58]} Kb6 {[%clk 0:21:56]} 86. Kb4
{[%clk 0:01:17]} Bb8 {[%clk 0:21:58]} 87. Kc3 d1=B {[%clk 0:22:15]} 88. Bxd1
{[%clk 0:02:04]} Kxa6 {[%clk 0:22:40]} 1/2-1/2

[Event "World Chess Olympiad 2018"]
[Site "Batumi"]
[Date "2018.10.03"]
[Round "9"]
[Board "4"]
[WhiteFideId "2004887"]
[White "Shankland Samuel"]
[BlackFideId "1124668"]
[Black "Tomczak Jacek"]
[Result "1/2-1/2"]
[LiveChessVersion "1.4.8"]
[BlackElo "2614"]
[WhiteElo "2722"]

1. e4 {[%clk 1:30:52]} c6 {[%clk 1:30:53]} 2. d4 {[%clk 1:31:18]} d5
{[%clk 1:31:15]} 3. exd5 {[%clk 1:31:44]} cxd5 {[%clk 1:31:36]} 4. Nf3
{[%clk 1:32:12]} Nc6 {[%clk 1:30:43]} 5. Bb5 {[%clk 1:32:36]} Qa5+
{[%clk 1:13:48]} 6. Nc3 {[%clk 1:31:22]} Bg4 {[%clk 1:14:02]} 7. Bd2
{[%clk 1:20:44]} Qd8 {[%clk 1:11:35]} 8. Ne5 {[%clk 1:17:34]} Bd7
{[%clk 0:55:49]} 9. Bxc6 {[%clk 1:16:45]} Bxc6 {[%clk 0:52:10]} 10. Qf3
{[%clk 1:14:03]} Nf6 {[%clk 0:52:25]} 11. g4 {[%clk 1:12:25]} h6 {[%clk 0:52:42]}
12. h4 {[%clk 1:11:30]} e6 {[%clk 0:51:53]} 13. O-O-O {[%clk 1:09:53]} Bd6
{[%clk 0:46:40]} 14. Bf4 {[%clk 1:00:10]} Qc7 {[%clk 0:43:51]} 15. Bh2
{[%clk 0:58:11]} O-O-O {[%clk 0:37:24]} 16. Nxc6 {[%clk 0:58:10]} Qxc6
{[%clk 0:26:58]} 17. Bxd6 {[%clk 0:53:04]} Qxd6 {[%clk 0:27:17]} 18. g5
{[%clk 0:53:09]} hxg5 {[%clk 0:23:36]} 19. hxg5 {[%clk 0:53:35]} Rxh1
{[%clk 0:24:02]} 20. Rxh1 {[%clk 0:54:00]} Ne4 {[%clk 0:24:26]} 21. Qxf7
{[%clk 0:46:13]} Nxc3 {[%clk 0:22:59]} 22. bxc3 {[%clk 0:46:38]} Rd7
{[%clk 0:23:17]} 23. Rh8+ {[%clk 0:35:52]} Kc7 {[%clk 0:23:42]} 24. Qe8
{[%clk 0:35:40]} Kb6 {[%clk 0:12:48]} 25. Qf8 {[%clk 0:32:35]} Re7
{[%clk 0:12:36]} 26. Rg8 {[%clk 0:30:04]} Qc7 {[%clk 0:12:28]} 27. Kb2
{[%clk 0:28:21]} Qd7 {[%clk 0:08:46]} 28. Qd8+ {[%clk 0:28:12]} Qxd8
{[%clk 0:07:34]} 29. Rxd8 {[%clk 0:28:40]} Kc6 {[%clk 0:07:57]} 30. g6
{[%clk 0:27:16]} e5 {[%clk 0:07:10]} 31. dxe5 {[%clk 0:26:57]} Rxe5
{[%clk 0:07:25]} 32. Rg8 {[%clk 0:27:23]} Rf5 {[%clk 0:05:00]} 33. Rxg7
{[%clk 0:27:48]} Rxf2 {[%clk 0:05:28]} 34. Rf7 {[%clk 0:27:45]} Rg2
{[%clk 0:05:51]} 35. g7 {[%clk 0:28:12]} Rg1 {[%clk 0:05:03]} 36. c4
{[%clk 0:17:12]} d4 {[%clk 0:04:41]} 37. c5 {[%clk 0:16:56]} b6 {[%clk 0:04:03]}
38. cxb6 {[%clk 0:17:09]} axb6 {[%clk 0:04:26]} 39. Kb3 {[%clk 0:16:01]} Kc5
{[%clk 0:04:16]} 40. Ka4 {[%clk 0:43:10]} Rg2 {[%clk 0:33:57]} 41. Kb3
{[%clk 0:37:39]} Rg3+ {[%clk 0:33:40]} 42. Kb2 {[%clk 0:38:00]} Rg1
{[%clk 0:34:03]} 43. Ra7 {[%clk 0:37:17]} Kc6 {[%clk 0:33:02]} 44. Ka3
{[%clk 0:32:54]} Kc5 {[%clk 0:33:01]} 45. Ka4 {[%clk 0:32:09]} Rg4
{[%clk 0:31:56]} 46. Rc7+ {[%clk 0:32:12]} Kd6 {[%clk 0:32:19]} 47. Rc4
{[%clk 0:32:21]} Rxg7 {[%clk 0:31:17]} 48. Kb5 {[%clk 0:32:46]} Kd5
{[%clk 0:31:19]} 49. c3 {[%clk 0:30:07]} dxc3 {[%clk 0:31:21]} 50. Rxc3
{[%clk 0:30:34]} Rg2 {[%clk 0:29:41]} 51. Kxb6 {[%clk 0:30:39]} Rxa2
{[%clk 0:30:06]} 1/2-1/2

[Event "World Chess Olympiad 2018"]
[Site "Batumi"]
[Date "2018.10.03"]
[Round "9"]
[Board "4"]
[WhiteFideId "8601445"]
[White "Bu Xiangzhi"]
[BlackFideId "13402129"]
[Black "Safarli Eltaj"]
[Result "1-0"]
[LiveChessVersion "1.4.8"]
[BlackElo "2676"]
[WhiteElo "2712"]

1. Nf3 {[%clk 1:30:41]} c5 {[%clk 1:30:56]} 2. c4 {[%clk 1:29:01]} Nc6
{[%clk 1:31:19]} 3. g3 {[%clk 1:28:45]} g6 {[%clk 1:31:25]} 4. d4
{[%clk 1:28:02]} cxd4 {[%clk 1:31:16]} 5. Nxd4 {[%clk 1:28:28]} Bg7
{[%clk 1:31:35]} 6. Nc2 {[%clk 1:28:31]} Nf6 {[%clk 1:29:20]} 7. Bg2
{[%clk 1:28:55]} O-O {[%clk 1:27:46]} 8. O-O {[%clk 1:28:32]} Qa5
{[%clk 1:24:50]} 9. Nc3 {[%clk 1:26:10]} Qh5 {[%clk 1:19:56]} 10. e4
{[%clk 1:22:53]} Qxd1 {[%clk 1:15:19]} 11. Rxd1 {[%clk 1:22:16]} d6
{[%clk 1:15:44]} 12. b3 {[%clk 1:15:28]} Bg4 {[%clk 1:10:30]} 13. f3
{[%clk 1:14:40]} Be6 {[%clk 1:08:53]} 14. Bb2 {[%clk 1:14:25]} Rfc8
{[%clk 1:03:16]} 15. Rab1 {[%clk 1:10:24]} Rab8 {[%clk 0:54:53]} 16. Ne3
{[%clk 1:00:50]} Bd7 {[%clk 0:48:25]} 17. Rd2 {[%clk 0:58:47]} a6
{[%clk 0:46:26]} 18. c5 {[%clk 0:44:31]} Be6 {[%clk 0:35:55]} 19. cxd6
{[%clk 0:42:57]} exd6 {[%clk 0:36:20]} 20. Rxd6 {[%clk 0:35:49]} Nb4
{[%clk 0:32:14]} 21. Rd2 {[%clk 0:33:41]} Ng4 {[%clk 0:11:48]} 22. Ned1
{[%clk 0:18:11]} Ne5 {[%clk 0:09:26]} 23. Nd5 {[%clk 0:16:08]} Nxd5
{[%clk 0:08:56]} 24. exd5 {[%clk 0:16:30]} Bf5 {[%clk 0:09:22]} 25. Ra1
{[%clk 0:16:55]} Rc2 {[%clk 0:00:36]} 26. Rxc2 {[%clk 0:16:46]} Bxc2
{[%clk 0:01:04]} 27. f4 {[%clk 0:15:59]} Ng4 {[%clk 0:00:36]} 28. Bxg7
{[%clk 0:15:17]} Kxg7 29. Bf3 {[%clk 0:14:14]} Nf6 {[%clk 0:00:33]} 30. Nf2
{[%clk 0:07:29]} h5 {[%clk 0:01:01]} 31. Rc1 {[%clk 0:05:30]} Bf5
{[%clk 0:01:30]} 32. h3 {[%clk 0:05:56]} Ne8 {[%clk 0:00:32]} 33. g4
{[%clk 0:04:59]} hxg4 {[%clk 0:01:01]} 34. hxg4 {[%clk 0:05:25]} Rc8
{[%clk 0:01:28]} 35. Rc4 {[%clk 0:03:10]} Nd6 {[%clk 0:01:13]} 36. Rb4
{[%clk 0:02:27]} Bb1 {[%clk 0:00:33]} 37. Rb6 {[%clk 0:02:53]} Rd8
{[%clk 0:00:45]} 38. a4 {[%clk 0:01:33]} Kf8 {[%clk 0:01:14]} 39. Nd1
{[%clk 0:01:06]} Ke7 {[%clk 0:00:44]} 40. Nb2 {[%clk 0:31:31]} Kd7
{[%clk 0:30:37]} 41. Nc4 {[%clk 0:29:31]} Kc7 {[%clk 0:28:29]} 42. Rb4
{[%clk 0:25:34]} Bd3 {[%clk 0:16:55]} 43. Ne5 {[%clk 0:13:09]} Bc2
{[%clk 0:13:56]} 44. Nxf7 {[%clk 0:13:13]} Nxf7 {[%clk 0:12:49]} 45. Rc4+
{[%clk 0:13:39]} Kd6 {[%clk 0:13:17]} 46. Rxc2 {[%clk 0:14:07]} g5
{[%clk 0:13:44]} 47. Rc4 {[%clk 0:14:05]} gxf4 {[%clk 0:06:55]} 48. Rxf4
{[%clk 0:13:49]} Ng5 {[%clk 0:07:21]} 49. Kg2 {[%clk 0:14:09]} Ke7
{[%clk 0:03:34]} 50. Rb4 {[%clk 0:11:10]} Rf8 {[%clk 0:03:07]} 51. Rxb7+
{[%clk 0:11:32]} Kd6 {[%clk 0:03:34]} 52. Be2 {[%clk 0:11:07]} a5
{[%clk 0:02:38]} 53. Bd3 {[%clk 0:10:09]} Rf3 {[%clk 0:02:23]} 54. Bc4
{[%clk 0:02:48]} Rc3 {[%clk 0:02:27]} 55. Rb6+ {[%clk 0:02:45]} Ke5
{[%clk 0:02:41]} 56. d6 {[%clk 0:03:07]} Rc2+ {[%clk 0:02:16]} 57. Kf1
{[%clk 0:03:19]} Rd2 {[%clk 0:01:04]} 58. Rb5+ {[%clk 0:03:35]} Kf4
{[%clk 0:00:31]} 59. Rd5 {[%clk 0:03:48]} Rc2 {[%clk 0:00:32]} 60. d7
{[%clk 0:04:03]} 1-0

[Event "World Chess Olympiad 2018"]
[Site "Batumi"]
[Date "2018.10.03"]
[Round "9"]
[Board "1"]
[WhiteFideId "5000017"]
[White "Anand Viswanathan"]
[BlackFideId "13300474"]
[Black "Aronian Levon"]
[Result "1/2-1/2"]
[LiveChessVersion "1.4.8"]
[BlackElo "2780"]
[WhiteElo "2771"]

1. e4 {[%clk 1:30:57]} e5 {[%clk 1:30:49]} 2. Nf3 {[%clk 1:31:19]} Nc6
{[%clk 1:31:14]} 3. Bc4 {[%clk 1:31:41]} Bc5 {[%clk 1:31:38]} 4. c3
{[%clk 1:31:47]} Nf6 {[%clk 1:32:02]} 5. d3 {[%clk 1:32:10]} O-O {[%clk 1:32:21]}
6. O-O {[%clk 1:32:27]} d6 {[%clk 1:32:46]} 7. Re1 {[%clk 1:31:04]} a6
{[%clk 1:32:38]} 8. a4 {[%clk 1:31:13]} Ba7 {[%clk 1:33:01]} 9. h3
{[%clk 1:30:31]} Kh8 {[%clk 1:32:33]} 10. d4 {[%clk 1:26:36]} h6 {[%clk 1:32:43]}
11. dxe5 {[%clk 1:21:05]} Nxe5 {[%clk 1:30:49]} 12. Nxe5 {[%clk 1:21:19]} dxe5
{[%clk 1:31:13]} 13. Qxd8 {[%clk 1:20:46]} Rxd8 {[%clk 1:31:36]} 14. Nd2
{[%clk 1:20:23]} Kg8 {[%clk 1:30:04]} 15. Nf3 {[%clk 1:18:24]} Re8
{[%clk 1:30:27]} 16. Be3 {[%clk 1:16:41]} Bxe3 {[%clk 1:30:03]} 17. Rxe3
{[%clk 1:16:52]} Be6 {[%clk 1:30:12]} 18. Nxe5 {[%clk 1:13:58]} Bxc4
{[%clk 1:30:18]} 19. Nxc4 {[%clk 1:14:11]} Rxe4 {[%clk 1:30:44]} 20. Rxe4
{[%clk 1:13:49]} Nxe4 {[%clk 1:31:07]} 21. f3 {[%clk 1:13:17]} Nc5
{[%clk 1:28:25]} 22. b4 {[%clk 1:12:39]} Ne6 {[%clk 1:28:47]} 23. Rd1
{[%clk 1:09:29]} Kf8 {[%clk 1:27:56]} 24. Kf2 {[%clk 1:09:25]} Ke7
{[%clk 1:27:15]} 25. Ke3 {[%clk 1:06:05]} Rd8 {[%clk 1:27:10]} 26. Rxd8
{[%clk 1:06:10]} Nxd8 {[%clk 1:27:35]} 27. f4 {[%clk 1:05:41]} Ke6
{[%clk 1:27:29]} 28. Nd2 {[%clk 1:05:17]} Nc6 {[%clk 1:24:23]} 29. Nc4
{[%clk 1:00:07]} Nd8 {[%clk 1:22:09]} 30. Ke4 {[%clk 0:57:19]} f5+
{[%clk 1:22:31]} 31. Kd3 {[%clk 0:57:35]} Nc6 {[%clk 1:22:26]} 1/2-1/2

[Event "World Chess Olympiad 2018"]
[Site "Batumi"]
[Date "2018.10.03"]
[Round "9"]
[Board "2"]
[WhiteFideId "13300881"]
[White "Sargissian Gabriel"]
[BlackFideId "5007003"]
[Black "Harikrishna Pentala"]
[Result "1/2-1/2"]
[LiveChessVersion "1.4.8"]
[BlackElo "2743"]
[WhiteElo "2691"]

1. d4 {[%clk 1:30:55]} Nf6 {[%clk 1:30:53]} 2. c4 {[%clk 1:31:10]} e6
{[%clk 1:31:16]} 3. Nf3 {[%clk 1:31:36]} d5 {[%clk 1:31:38]} 4. g3
{[%clk 1:31:52]} dxc4 {[%clk 1:32:02]} 5. Bg2 {[%clk 1:32:06]} c5
{[%clk 1:32:25]} 6. O-O {[%clk 1:30:33]} Nc6 {[%clk 1:32:47]} 7. Qa4
{[%clk 1:30:32]} Bd7 {[%clk 1:32:56]} 8. Qxc4 {[%clk 1:30:52]} cxd4
{[%clk 1:32:29]} 9. Nxd4 {[%clk 1:30:23]} Rc8 {[%clk 1:32:52]} 10. Nc3
{[%clk 1:29:48]} Nxd4 {[%clk 1:33:11]} 11. Qxd4 {[%clk 1:30:12]} Bc5
{[%clk 1:33:22]} 12. Qh4 {[%clk 1:17:04]} h6 {[%clk 1:33:33]} 13. Bxb7
{[%clk 1:15:14]} Rb8 {[%clk 1:33:43]} 14. Bf3 {[%clk 1:10:21]} Rb4
{[%clk 1:33:06]} 15. Qh3 {[%clk 1:10:20]} e5 {[%clk 1:32:13]} 16. Qg2
{[%clk 1:10:40]} Qc8 {[%clk 1:30:30]} 17. a3 {[%clk 1:05:54]} Rb6
{[%clk 1:16:01]} 18. Nd5 {[%clk 0:59:59]} Nxd5 {[%clk 1:05:55]} 19. Bxd5
{[%clk 1:00:24]} O-O {[%clk 1:05:54]} 20. Qe4 {[%clk 0:55:51]} Bd4
{[%clk 0:58:29]} 21. e3 {[%clk 0:56:06]} Bf5 {[%clk 0:58:33]} 22. Qf3
{[%clk 0:51:20]} Bg4 {[%clk 0:57:51]} 23. Qe4 {[%clk 0:49:33]} Bf5
{[%clk 0:57:36]} 24. Qf3 {[%clk 0:49:56]} Bg4 {[%clk 0:57:37]} 25. Qe4
{[%clk 0:50:17]} Bf5 {[%clk 0:58:00]} 26. Qf3 1/2-1/2